00727nam a2200181 a 4500008004100000020002200041245011600063260008700179300002800266440002400294440003800318650002000356651004000376710010200416003000100518005001700519040000900536  a9282781259 (pbk.)00aHow is the European Union running the single market?:bwhat are my rights as a consumer?/cEuropean Commission. aLuxembourg :bOffice for Official Publications of the European Communities,c1996. a23 p. :bill. ;c23 cm. 0aEurope on the move. 0aEurope ... questions and answers. 0aEuropean Union. 0aEuropean Union countriesxCommerce.2 aEuropean Commission.bDirectorate General X for Information, Communication, Culture, Audiovisual.20230123133957.0 cNUST